| 000 | 05614cam a22005895i 4500 | ||
|---|---|---|---|
| 001 | 21937551 | ||
| 005 | 20260101151804.0 | ||
| 006 | m |o d | | ||
| 007 | cr ||||||||||| | ||
| 008 | 181219s2018 gw |||| o |||| 0|eng | ||
| 010 | _a 2019768567 | ||
| 020 | _a9783319997285 | ||
| 024 | 7 |
_a10.1007/978-3-319-99728-5 _2doi |
|
| 035 | _a21937551 | ||
| 035 | _a(DE-He213)978-3-319-99728-5 | ||
| 040 |
_aDLC _beng _epn _erda _cDLC |
||
| 072 | 7 |
_aPST _2thema |
|
| 072 | 7 |
_aPSTS _2bicssc |
|
| 072 | 7 |
_aSCI020000 _2bisacsh |
|
| 082 | 0 | 4 |
_a581.7 _223 |
| 245 | 0 | 0 |
_aVegetation of Central Asia and Environs / _cedited by Dilfuza Egamberdieva, Münir Öztürk. |
| 250 | _a1st ed. 2018. | ||
| 264 | 1 |
_aCham : _bSpringer International Publishing : _bImprint: Springer, _c2018. |
|
| 300 | _a1 online resource (XXII, 381 pages 114 illustrations, 98 illustrations in color.) | ||
| 336 |
_atext _btxt _2rdacontent |
||
| 337 |
_acomputer _bc _2rdamedia |
||
| 338 |
_aonline resource _bcr _2rdacarrier |
||
| 347 |
_atext file _bPDF _2rda |
||
| 505 | 0 | _a1. Spatio-temporal Assessment of Vegetation Trends in the Post-Soviet Central Asia -- 2. Drought variability and land degradation in Central Asia: assessment using remote sensing data and drought indices -- 3. NDVI-based monitoring a long term vegetation change dynamics in the drylands of Central Asia -- 4. Deforestation - A Continuous Battle: Case Study from Central Asia and Other Countries -- 5. Vegetation Classification and Habitat Mapping of Dachigam National Park, Kashmir, India -- 6. Vegetation Diversity of Kashmir and its Sustainable Use -- 7. Medicinal Plants of Tajikistan -- 8. Medicinal Plants of Uzbekistan and Their Traditional Use -- 9. Current State and Prospects for Studies on the Diversity of Medicinal Flora in Kazakhstan -- 10. Medicinally Important Plants of Kazakhstan -- 11. Causes and Impacts of Land Degradation and Desrtification: Case Study from Kazakhstan -- 12. Assessment of the current plant diversity status in Kazakhstan -- 13. Ecology and Environmental Aspects of "Makmalzoloto" Gold Mining Area-Kyrgyzstan -- 14. Floodplain forest mapping with Sentinel-2 imagery: Case study of Naryn River, Kyrgyzstan -- 15. Potential Impacts of Climate Change on Plant Diversity of Sary-Chelek Biosphere Reserve in Kyrgyzstan -- 16. Plant Diversity of Ala-Archa National Park in Kyrgyzstan with Emphasis on its Economical Potential. | |
| 520 | _aCentral Asia is a large and understudied region of varied geography, ranging from the high passes and mountains of Tian Shan, to the vast deserts of Kyzyl Kum, Taklamakan to the grassy treeles steppes. This region is faced with adverse conditions, as much of the land is too dry or rugged for farming. Additionally, the rich specific and intraspecific diversity of fruit trees and medicinal plants is threatened by overgrazing, oil and mineral extraction, and poaching. Countless species from the approximately 20 ecosystems and 6000 plant taxa are now rare and endangered. Traditional vegetation studies in this region are far from adequate to handle complex issues such as soil mass movement, soil sodicity and salinity, biodiversity conservation, and grazing management. However, data analysis using a Geographical Information System (GIS) tool provides new insights into the vegetation of this region and opens up new opportunities for long-term sustainable management. While vegetation planning can occur at a property scale, it is often necessary for certain factors, such as salinity, to be dealt with on a regional scale to ensure their effective management. GIS increases the effectiveness and accuracy of vegetation planning in a region. Such regional planning will also greatly increases biodiversity values. This book systematically explores these issues and discuses new applications and approaches for overcoming these issues, including the application of GIS techniques for sustainable management and planning. Professional researchers as well as students and teachers of agriculture and ecology will find this volume to be an integral resource for studying the vegetation of Central Asia. | ||
| 588 | _aDescription based on publisher-supplied MARC data. | ||
| 650 | 0 |
_aAgriculture. _925855 |
|
| 650 | 0 | _aEnvironmental monitoring. | |
| 650 | 0 |
_aPlant biochemistry. _9132548 |
|
| 650 | 0 |
_aPlant ecology. _9132686 |
|
| 650 | 0 |
_aPlant systematics. _9132687 |
|
| 650 | 0 |
_aPlant taxonomy. _9132688 |
|
| 650 | 0 | _aRemote sensing. | |
| 650 | 1 | 4 |
_aPlant Ecology. _0https://scigraph.springernature.com/ontologies/product-market-codes/L19112 _9132689 |
| 650 | 2 | 4 |
_aAgriculture. _0https://scigraph.springernature.com/ontologies/product-market-codes/L11006 _925855 |
| 650 | 2 | 4 |
_aMonitoring/Environmental Analysis. _0https://scigraph.springernature.com/ontologies/product-market-codes/U1400X _930445 |
| 650 | 2 | 4 |
_aPlant Biochemistry. _0https://scigraph.springernature.com/ontologies/product-market-codes/L14021 _9132548 |
| 650 | 2 | 4 |
_aPlant Systematics/Taxonomy/Biogeography. _0https://scigraph.springernature.com/ontologies/product-market-codes/L24051 _9132690 |
| 650 | 2 | 4 |
_aRemote Sensing/Photogrammetry. _0https://scigraph.springernature.com/ontologies/product-market-codes/J13010 _9132691 |
| 700 | 1 |
_aEgamberdieva, Dilfuza, _eeditor. _9132692 |
|
| 700 | 1 |
_aÖztürk, Münir, _eeditor. _9132640 |
|
| 776 | 0 | 8 |
_iPrint version: _tVegetation of Central Asia and environs _z9783319997278 _w(DLC) 2018960829 |
| 776 | 0 | 8 |
_iPrinted edition: _z9783319997278 |
| 776 | 0 | 8 |
_iPrinted edition: _z9783319997292 |
| 906 |
_a0 _bibc _corigres _du _encip _f20 _gy-gencatlg |
||
| 942 |
_2ddc _cBK |
||
| 999 |
_c615761 _d615761 |
||